[Event "Charlotte Open 2020"]
[Site "Charlotte"]
[Date "2020.01.06"]
[Round "9.11"]
[White "Yoo, Christopher Woojin"]
[Black "Cezila Jr, Rubens"]
[Result "0-1"]
[WhiteElo "2456"]
[BlackElo "2239"]
[Annotator "TA"]
[PlyCount "124"]
[EventDate "2020.01.02"]
[EventType "swiss"]
[EventCountry "USA"]
[SourceTitle "playchess.com"]
[Source "ChessBase"]
[SourceQuality "1"]

{[%evp 15,146,16,22,28,27,16,23,24,25,24,27,14,20,16,25,8,8,0,34,29,47,47,47,47,65,0,2,-8,-8,-9,-8,-12,-8,-9,-11,-8,-8,-16,-8,-16,-10,-9,-5,-8,0,0,0,-20,-11,-11,0,-7,0,0,43,35,55,49,117,-100,-107,-114,-119,-122,-100,-403,-307,-307,-314,-302,-268,-404,-379,-489,-498,-478,-362,-475,-463,-588,-581,-699,-700,-675,-605,-809,-690,-2260,-2041,-2383,-1950,-1304,-1650,-1084,-1007,-29980,-29975,-29972,-29973,-29985,-29986,-29986,-29987,-29987,-29988,-29988,-29986,-29986,-29987,-29987,-29982,-29982,-29983,-29982,-29983,-29984,-29985,-29985,-29983,-29983,-29983,-29989,-29990,-29990,-29989,-29989,-29989,-29989,-29989,-29989,-29990,-29991,-29991]} 1. e4 e5 2. Nf3 Nc6 3. Bb5 a6 4. Ba4 Nf6 5. O-O Be7 6. d3 b5 7. Bb3 d6 8. a4 Bd7 9. c3 {C84: Closed Ruy Lopez: Unusual White 6th moves} O-O 10. Bc2 Re8 11. Re1 {White has an edge.} Bf8 12. Nbd2 {[%cal Bb1d2,Bd2f1,Bf1g3][%mdl 32]} Ne7 13. Nf1 Ng6 14. Ng3 c5 15. h3 h6 16. d4 Qc7 17. Be3 {[#]} Bc6 $146 ({Predecessor:} 17... Qb7 18. d5 Reb8 19. Qd2 Be7 20. b3 Qc8 {½-½ (42) Svidler,P (2765)-Tomashevsky,E (2713) St Petersburg 2017}) 18. d5 Bd7 19. Qd2 Reb8 20. axb5 ({Better is} 20. a5 $14) 20... axb5 $11 21. b4 c4 22. Reb1 Qb7 23. Qc1 Be7 24. Rxa8 Rxa8 25. Ra1 Ra6 26. Nd2 Bd8 27. Ra3 Bb6 28. Ndf1 Bxe3 (28... Qa7 {feels hotter.} 29. Rxa6 Qxa6 30. Qd2 Qa7 31. Kh2 h5) 29. Nxe3 Qa8 30. Rxa6 Qxa6 31. Ne2 Nh5 32. Kh2 Nhf4 33. Ng1 Qc8 34. Qa1 f5 35. Qa5 Nd3 36. exf5 Nh4 ({Black should play} 36... Ngf4 $1 $14) 37. g3 $2 (37. Ne2 $16 {keeps the pressure on.}) 37... Nxf5 $17 38. Nxf5 Bxf5 39. Qxb5 Nxf2 40. Ba4 $2 {[%mdl 8192]} (40. Bxf5 $17 {is more resistant.} Qxf5 41. Qxc4) 40... Be4 {[#] aiming for ...Qf5.} 41. Qe8+ Qxe8 42. Bxe8 Bxd5 $19 {[%mdl 4096] Endgame KBN-KBN} 43. b5 (43. Bg6 {was worth a try.}) 43... Kf8 44. Bh5 Ke7 45. Ne2 Bb7 46. Nc1 Kd7 47. Na2 {If only White now had time for Bf7....} Ne4 48. Be2 d5 49. Bf3 Nd2 50. Kg2 Kd6 51. Kf2 Nxf3 52. Kxf3 {KB-KN} Kc5 53. Nc1 d4+ 54. Ke2 Kxb5 55. Kf2 Ka4 {Black mates.} 56. cxd4 exd4 57. Ne2 d3 58. Nd4 c3 59. Ke3 d2 60. Ke2 Ka3 61. g4 Kb2 62. Kd1 Bc6 {Played: Bb7-f3} 0-1

[Event "Charlotte Open 2020"]
[Site "Charlotte"]
[Date "2020.01.06"]
[Round "9.12"]
[White "Ynojosa Aponte, Felix Jose"]
[Black "Tsolakidou, Stavroula"]
[Result "1-0"]
[WhiteElo "2403"]
[BlackElo "2403"]
[Annotator "TA"]
[PlyCount "89"]
[EventDate "2020.01.02"]
[EventType "swiss"]
[EventCountry "USA"]
[SourceTitle "playchess.com"]
[Source "ChessBase"]
[SourceQuality "1"]

{[%evp 10,89,29,35,34,0,0,0,0,-7,0,0,0,-12,20,7,12,6,17,-102,80,0,0,0,0,0,0,0,0,0,0,0,0,0,0,0,0,0,0,0,24,28,64,63,120,110,142,122,137,124,200,204,227,232,227,210,296,240,293,313,344,334,361,290,461,405,556,471,488,491,468,470,485,490,643,599,675,697,717,695,660,631]} 1. e4 c5 2. c3 d5 3. exd5 Qxd5 4. d4 Nc6 5. Nf3 Bf5 6. Be3 Nf6 {B22: Sicilian: 2 c3} (6... cxd4 7. cxd4 Bxb1 8. Rxb1 e6 9. a3 Nf6 10. Bd3 Be7 11. O-O O-O 12. Qe2 Rad8 13. Rbd1 Qh5 14. Ne5 Qxe2 15. Bxe2 {0-1 (32) Paichadze,L (2533)-Istratescu,A (2620) Dubai 2019}) 7. c4 Qd8 8. d5 Nb4 {The position is equal.} 9. Na3 Qa5 10. Bd2 $1 e6 11. Be2 $146 ({Predecessor:} 11. Nh4 Bg6 12. Nxg6 hxg6 13. dxe6 O-O-O 14. Be2 {0-1 (33) Moradi,K (1984)-Vishnu,P (2463) Caleta 2015}) 11... O-O-O 12. O-O {Threatens to win with Nb5.} exd5 13. Nb5 {aiming for a3.} Qb6 14. Ne5 (14. a4 $11 {keeps the balance.}) 14... Be6 $2 {[#]} (14... a6 $1 $17 {and life is bright.} 15. Nxf7 {[%mdl 64] Double Attack} axb5 16. Nxh8 bxc4) 15. a3 (15. Bxb4 cxb4 16. Rc1 Bc5 $15) ({Better is} 15. a4 $1 $16) 15... Nc6 $11 16. Nxc6 bxc6 17. cxd5 $1 cxb5 18. dxe6 Ne4 ({Much weaker is} 18... Qxe6 $6 19. Bxb5 Qb6 20. Bc4 $16) 19. e7 Bxe7 20. Bg4+ Kb8 21. Bf4+ Bd6 22. Qf3 Nf6 23. Bh3 Bxf4 24. Qxf4+ Qd6 25. Qf3 Qd3 26. Qc6 Rd5 (26... Rhe8 $14) 27. g3 Rhd8 28. Rfe1 {And now Re7 would win.} ({Reject} 28. Bg2 $6 R8d6 $11) 28... R5d6 29. Qxc5 Ne4 (29... Qd5 $16 {was necessary.} 30. Qc1 a6) 30. Qe5 $18 Nd2 {White must now prevent ...Nf3+.} 31. Bg2 $40 {[%mdl 128] White goes for the king.} f6 {[#]} 32. Qh5 $1 f5 (32... g6 $142 33. Qxh7 Nf3+ 34. Bxf3 (34. Kh1 g5 $16) 34... Qxf3 35. Qxg6 (35. Rac1 Rd2 $18) 35... Rd2) 33. Qxh7 f4 34. Qxg7 {[%csl Gg2][%cal Rg7b7]} f3 35. Bh3 Nb3 36. Bf1 Qd2 {[#]} (36... Qd4 $142 37. Qxd4 Rxd4) 37. Re7 $1 {[%mdl 512] Intending Rb7+ and mate.} R6d7 {Strongly threatening ...Rxe7.} 38. Rxd7 {White is clearly winning.} Qxd7 39. Qxd7 Rxd7 {[%mdl 4096] Endgame KRB-KRN} 40. Re1 a6 41. h4 Rc7 42. Bd3 Nc1 43. Be4 Ne2+ 44. Kh2 Nd4 45. Rd1 {Accuracy: White = 62%, Black = 25%.} 1-0

[Event "Charlotte Open 2020"]
[Site "Charlotte"]
[Date "2020.01.06"]
[Round "9.13"]
[White "Polgar-Shutzman, Tom"]
[Black "Tokhirjonova, Gulrukhbegim"]
[Result "0-1"]
[WhiteElo "2233"]
[BlackElo "2421"]
[Annotator "TA"]
[PlyCount "148"]
[EventDate "2020.01.02"]
[EventType "swiss"]
[EventCountry "USA"]
[SourceTitle "playchess.com"]
[Source "ChessBase"]
[SourceQuality "1"]

{[%evp 21,148,16,18,5,13,14,7,8,5,0,0,0,0,-5,-8,-12,0,-10,-10,-14,0,0,77,28,97,82,90,80,133,129,148,131,125,71,97,27,26,37,58,0,0,0,0,-6,-8,-16,-6,-6,-5,-19,-1,-136,-141,-278,-266,-210,-112,-139,-104,-104,-104,-104,-104,-100,-92,-110,-111,-110,-103,-103,-103,-112,-103,-277,-283,-268,-262,-394,-394,-379,0,-379,0,-372,-357,-438,-451,-1067,-1081,-998,-831,-1264,-1231,-4714,-4714,-4710,-4710,-4702,-1185,-1185,-1067,-946,-114,-12797,-1000,-997,-950,-859,-896,-4333,-5093,-29988,-5218,-29989,-29990,-29990,-29991,-29995,-29987,-29987,-29988,-29988,-29989,-29989,-29990,-29990,-29991,-29994,-29992]} 1. e4 e5 2. Nf3 Nc6 3. Bc4 Bc5 4. O-O Nf6 5. d3 d6 6. c3 a6 7. Bb3 Ba7 8. h3 h6 9. Re1 O-O 10. Nbd2 {[%cal Bb1d2,Bd2f1,Bf1g3][%mdl 32]} Re8 11. Nf1 Be6 12. Bc2 {C54: Giuoco Piano: 4 c3 Nf6, main lines with 5 d4 and 5 d3} d5 13. exd5 (13. Qe2 b5 14. Rd1 Qe7 15. Ng3 Rad8 16. exd5 Nxd5 17. Qe4 Nf6 18. Qxc6 Bb6 19. d4 e4 {1-0 (89) So,W (2763)-Harikrishna,P (2734) Riga 2019}) 13... Qxd5 14. Ng3 {The position is equal.} Rad8 15. Be3 Bxe3 16. Rxe3 Qd6 17. Ne4 $146 ({Predecessor:} 17. Re2 Nd5 18. Rd2 f5 19. Qf1 Nf4 {0-1 (47) Fuchs,J (2348)-Hakimifard,G (2271) Flims 2016}) 17... Nxe4 18. Rxe4 b5 19. b4 Bd5 20. Re1 Qf6 21. Re3 e4 (21... Ne7 $11) 22. dxe4 Bc4 (22... Bb3 $1 $11 {keeps the balance.} 23. Bxb3 Rxd1+ 24. Rxd1 Rd8) 23. Qc1 Re7 24. a4 Ne5 (24... g6 $142) 25. Nd4 $16 Red7 26. axb5 axb5 27. Qb2 (27. Rg3 $142) 27... Qb6 28. Bb3 (28. Qa3 $16) 28... c5 29. bxc5 Qxc5 {Black wants to play ...b4.} 30. Nf3 ({Better is} 30. Qa3 $14 b4 31. Qa5 Qxa5 32. Rxa5 Bxb3 33. Rxe5) 30... Rd3 31. Nxe5 Rxe3 32. Nxc4 bxc4 33. fxe3 {Ba2 is the strong threat.} Rb8 {[%mdl 64] Pin} 34. Qd2 cxb3 $11 {[%mdl 4096] Endgame KQR-KQR} 35. Rb1 Qc4 36. Qd6 (36. Qd4 $11 Qe2 37. c4) 36... Rb5 $1 $17 37. Rb2 (37. Qd8+ $17 Kh7 38. Qd2) 37... Qxc3 $19 {[%mdl 64] Double Attack} 38. Qd4 Qe1+ 39. Kh2 Qb4 40. Qd8+ Kh7 41. Qd3 Rb8 42. e5+ Kg8 43. Kg1 h5 44. Kh2 h4 45. Qd5 Qb5 46. Qd4 Rc8 47. Qe4 $2 (47. Qd6 $17) 47... Rc4 48. Qf5 {[#]} Qb8 $1 49. Kh1 (49. Qg5 {was forced.}) 49... Rc1+ 50. Kh2 Rc4 51. Kh1 $1 Rc1+ 52. Kh2 Rc5 53. Qf4 {intending e6!} Rc2 54. Qd4 (54. Rb1 $142 b2 55. Qe4) 54... Rxb2 55. Qxb2 {KQ-KQ} f6 56. Kh1 fxe5 57. e4 Qb5 58. Kh2 Qd3 59. Kh1 Qf1+ (59... Qc2 $142 60. Qxe5 Qc1+ 61. Kh2 b2 62. Qe6+ Kh8 63. Qe8+ Kh7 64. Qh5+ Qh6 65. Qf5+ Qg6) 60. Kh2 Qf4+ 61. Kh1 {[#]} Qg3 $2 (61... Qe3 $1 $19 {and Black stays clearly on top. Threatens to win with ...Kf7.} 62. Kh2 Qg3+ 63. Kh1 Qe1+ 64. Kh2 Qe3) 62. Qa3 $2 {[%mdl 8192]} (62. Qc1 $17) 62... Kh7 (62... Qc3 $142 63. Qd6 Qc1+ 64. Kh2 b2 65. Qd8+ Kh7 66. Qxh4+ Qh6) 63. Qb2 Kg6 64. Qd2 {[#]} Qf4 $1 65. Qd6+ Kh7 {( -> ...b2)} 66. Qb8 Qc1+ 67. Kh2 b2 {Black mates.} 68. Qxe5 b1=Q {[%csl Gb1][%cal Rc1h1]} 69. Qf5+ Kg8 {[%csl Gb1][%cal Rc1h1]} 70. Qd5+ Kh8 {[%csl Gb1][%cal Rc1h1]} 71. Qd8+ Kh7 {[%csl Gb1][%cal Rc1h1]} 72. Qxh4+ Qh6 73. Qf2 Qxe4 74. g3 Qhe3 {Accuracy: White = 40%, Black = 54%.} 0-1

[Event "Charlotte Open 2020"]
[Site "Charlotte"]
[Date "2020.01.06"]
[Round "9.14"]
[White "Ezra Paul Chambers"]
[Black "Beradze, Irakli"]
[Result "0-1"]
[WhiteElo "2265"]
[BlackElo "2487"]
[Annotator "TA"]
[PlyCount "72"]
[EventDate "2020.01.02"]
[EventType "swiss"]
[EventCountry "USA"]
[SourceTitle "playchess.com"]
[Source "ChessBase"]
[SourceQuality "1"]

{[%evp 15,72,11,21,12,14,0,0,0,0,0,18,-4,0,-6,-5,-22,0,0,0,0,0,-38,-37,-30,0,-61,-67,-291,-281,-298,-73,-289,-296,-293,-281,-273,-276,-293,-291,-346,-400,-415,-410,-334,-414,-408,-406,-398,-366,-523,-520,-474,-310,-571,-617,-768,-752,-868,-802]} 1. e4 e5 2. Nf3 Nc6 3. Nc3 Nf6 4. Bb5 Bb4 5. O-O O-O 6. d3 Bxc3 7. bxc3 d6 8. Re1 Bd7 (8... h6 9. d4 Bd7 {½-½ (10) Ponkratov,P (2644)-Tomashevsky,E (2718) Mali Losinj 2019}) 9. Rb1 {C49: Four Knights: 4 Bb5 Bb4} h6 10. d4 Rb8 11. h3 {The position is equal.} Re8 12. Bd3 Na5 13. Bd2 $146 ({Predecessor:} 13. Nd2 c5 {½-½ (13) Simacek,P (2490)-Voloshin,L (2383) Ceske Budejovice 2018}) 13... c5 14. dxc5 dxc5 15. c4 Nc6 16. Nh2 Nd4 17. Nf1 Bc6 18. f3 Nh5 19. Ne3 Nf4 20. Bf1 ({Better is} 20. Nd5 $1 $11) 20... Qh4 $36 {[%mdl 2048] aiming for ...Qg3. Black is more active.} 21. c3 $2 (21. Nd5 $15) 21... Qg3 $19 22. Ng4 Nxh3+ 23. Kh1 {[#]} Ba4 $1 {[%cal Ra4d1][%mdl 512]} 24. Rb3 ({But not} 24. Qxa4 Nxf3 25. Be3 Nxe1) 24... Nxb3 25. axb3 h5 26. gxh3 hxg4 27. bxa4 gxf3 {And now ...Re6 would win.} 28. Re3 Rbd8 29. Qe1 Qxe1 30. Bxe1 Rd1 31. Kg1 Re6 32. Kf2 (32. Bg3 {keeps fighting.} f6 33. h4) 32... Ra6 33. Rxf3 Rxa4 34. Be2 $2 (34. Ke2 Raa1 35. Bd2) 34... Ra2 {Black is clearly winning.} 35. Rg3 a5 {[%cal Ba7a5,Ba5a4][%mdl 32]} 36. Rg1 a4 {Accuracy: White = 46%, Black = 88%.} 0-1

[Event "Charlotte Open 2020"]
[Site "Charlotte"]
[Date "2020.01.06"]
[Round "9.15"]
[White "Paul, Justin"]
[Black "Zapata, Alonso"]
[Result "0-1"]
[WhiteElo "2270"]
[BlackElo "2434"]
[Annotator "TA"]
[PlyCount "92"]
[EventDate "2020.01.02"]
[EventType "swiss"]
[EventCountry "USA"]
[SourceTitle "playchess.com"]
[Source "ChessBase"]
[SourceQuality "1"]

{[%evp 26,92,42,40,41,34,44,44,31,42,104,58,91,53,62,66,60,7,69,61,64,68,127,125,143,151,139,114,129,106,127,117,112,50,48,18,38,24,24,21,31,4,5,5,6,-33,0,0,0,0,0,-117,-109,-127,-11,-118,0,0,0,-40,-43,-179,-172,-183,-180,-295,-286,-1963,-1678]} 1. e4 c5 2. Nf3 g6 3. d4 Bg7 4. c4 cxd4 5. Nxd4 Nc6 6. Be3 Nf6 7. Nc3 O-O 8. Be2 d6 9. O-O Bd7 10. Qd2 Nxd4 11. Bxd4 Bc6 12. f3 a5 13. Rab1 Nd7 14. Be3 a4 {B38: Sicilian: Maroczy Bind with 5...Bg7 and 7...0-0} (14... Nc5 15. Rfd1 Be5 16. b3 e6 17. Bd4 Qb6 18. Kh1 Rfd8 19. a3 Qc7 20. b4 axb4 21. axb4 Na4 22. Bxe5 dxe5 {½-½ (36) Sumets,A (2568)-Vorobiov,E (2547) Nova Gorica 2018}) 15. Rfc1 Nc5 16. Bf1 f5 $146 {White is slightly better.} ({Predecessor:} 16... Re8 17. Rc2 e5 18. Rd1 Bf8 19. Nd5 Bg7 20. Bg5 f6 21. Be3 Ne6 22. Nb6 Rb8 23. Qxd6 Qxd6 24. Rxd6 {1-0 (38) Larrea,M (2274)-Saralegui Cassan,M (2111) Montevideo 2017}) 17. exf5 $1 gxf5 (17... Rxf5 $14 18. Re1 Be5) 18. Nd5 Rf7 19. Re1 e5 20. Rbd1 Qa5 21. Nc3 (21. Ne7+ $14 Rxe7 22. Qxd6 {[%mdl 64] Double Attack}) 21... Rf6 (21... a3 $11) 22. Nb5 $14 Qxd2 23. Rxd2 Bxb5 (23... e4 $14) 24. cxb5 $16 b6 25. Bc4+ Kh8 26. Bd5 Rb8 27. Rc1 Bh6 28. Bxh6 $1 Rxh6 29. Bc6 ({Better is} 29. b4 $16 axb3 30. axb3) 29... Rd8 30. Rd5 Re6 31. Kf1 Kg7 32. Rc3 Kf6 33. b4 axb3 $1 34. axb3 Re7 35. f4 Ne6 (35... exf4 {is interesting.} 36. b4 Ne4 37. Ra3 Kg5 38. Rd4 Nf6) 36. fxe5+ dxe5 37. Rxd8 Nxd8 $11 {[%mdl 4096] Endgame KRB-KRN} 38. Ba8 (38. Bd5 $11) 38... Ne6 $1 $17 39. Rc8 Nd4 ({Black should try} 39... e4 $17 {Strongly threatening ...Ra7.} 40. Bd5 Nd4) 40. Bd5 (40. Rb8 $11 {keeps the balance.}) 40... Rd7 (40... e4 $17 41. Rb8 Ke5) 41. Bc4 $1 $11 e4 42. Kf2 f4 43. Rf8+ (43. Rb8 $1 $15) 43... Kg5 $1 $19 44. Rg8+ {[#]} Kh5 $1 45. Rf8 (45. Ra8 $142) 45... e3+ 46. Kf1 $2 {[#]} (46. Kg1 Re7 47. Rf7 Rxf7 48. Bxf7+ Kg4 49. b4) 46... Ra7 $1 {Accuracy: White = 33%, Black = 47%.} 0-1

[Event "Charlotte Open 2020"]
[Site "Charlotte"]
[Date "2020.01.05"]
[Round "9.15"]
[White "Paul, Justin"]
[Black "Zapata, Alonso"]
[Result "0-1"]
[WhiteElo "2270"]
[BlackElo "2434"]
[Annotator "TA"]
[PlyCount "66"]
[EventDate "2020.01.02"]
[EventType "swiss"]
[EventCountry "USA"]
[SourceTitle "playchess.com"]
[Source "ChessBase"]
[SourceQuality "1"]

{[%evp 22,153,-4,-19,-12,-50,-40,-46,-49,-91,-84,-79,-89,-80,-82,-87,-77,-118,-114,-117,-107,-120,-110,-143,-138,-136,-142,-135,-136,-154,-147,-140,-84,-110,-110,-114,-122,-127,-91,-90,-90,-85,-66,-105,-67,-135,-81,-133,-117,-147,-143,-147,-133,-135,-112,-100,-78,-79,-88,-90,-72,-80,-60,-66,-66,-93,0,-59,-59,-59,-59,-59,-59,-59,-59,-72,-64,-68,-52,-72,-68,-88,-44,-68,-59,-145,-145,-145,-130,-131,-98,-98,-85,-110,-46,-72,-68,-90,-47,-110,-119,-102,-6,-22,0,0,0,0,0,0,0,0,0,0,0,0,0,0,0,0,0,0,0,0,0,0,0,0,0,-12851,-29965,-12851,-29984,-12851]} 1. e4 c5 2. d4 cxd4 3. c3 dxc3 4. Nxc3 Nc6 5. Nf3 d6 6. Bc4 e6 7. O-O a6 8. Qe2 Be7 9. Rd1 Bd7 10. Bf4 e5 11. Be3 Nf6 12. h3 O-O {B21: Sicilian: 2 f4 and Morra Gambit} 13. Bg5 (13. a4 Rc8 14. Rac1 h6 15. b3 Nb4 16. Nd2 Bc6 17. Qe1 Re8 18. Nf3 Bd7 19. Qe2 Bf8 20. Nd2 {½-½ (48) Mezera,L (2364)-Ilyasov,A (2342) GER email 2015}) 13... Be6 14. Rac1 Rc8 $146 {Black is slightly better.} ({Predecessor:} 14... Qc7 15. Bb3 Qb8 {½-½ (13) Van Kampen,R (1809)-Pijpers,A (1802) Rijswijk 2006}) 15. Nd5 Bxd5 16. exd5 Nb8 17. b4 Nbd7 18. Be3 Ne4 19. Nd2 Nxd2 20. Qxd2 f5 {White must now prevent ...f4.} 21. f4 Bf6 22. Bb3 Rxc1 23. Rxc1 exf4 24. Bxf4 Be5 25. Bg5 Qb6+ 26. Kh1 h6 (26... Nf6 $142 27. Be3 Qd8) 27. Be3 Qd8 28. Bc2 Qh4 29. Rf1 Qg3 {[%csl Ge5][%cal Rg3h2]} 30. Bg1 f4 31. Rf3 Qg5 32. Qd3 Nf6 33. Bf2 (33. b5 $15) 33... Rc8 {Played: Qg5-h5} 0-1

[Event "Charlotte Open 2020"]
[Site "Charlotte"]
[Date "2020.01.06"]
[Round "9.16"]
[White "Daggupati, Balaji"]
[Black "Storn, Justin"]
[Result "1/2-1/2"]
[WhiteElo "2311"]
[BlackElo "2030"]
[Annotator "TA"]
[PlyCount "98"]
[EventDate "2020.01.02"]
[EventType "swiss"]
[EventCountry "USA"]
[SourceTitle "playchess.com"]
[Source "ChessBase"]
[SourceQuality "1"]

{[%evp 11,98,0,0,0,0,-10,0,-6,33,26,33,39,20,36,29,29,23,12,18,14,25,19,31,0,11,13,16,7,31,43,54,14,10,22,9,0,0,-95,-91,-88,-89,-98,-104,-114,-145,-106,0,0,0,0,0,0,0,0,0,0,0,-210,0,0,0,0,12,0,12,0,185,9,72,126,258,258,350,0,268,148,146,1,5,0,0,0,95,0,0,0,0,0,0]} 1. e4 e6 2. d4 d5 3. Nc3 Nf6 4. Bg5 Bb4 5. e5 h6 6. Bc1 Ne4 7. Qg4 {C12: French: Classical System: McCutcheon Variation} Kf8 (7... Nxc3 $6 8. Qxg7 Kd7 9. Bd2 $16) 8. Nge2 c5 9. a3 $1 {[%cal Ra3b4]} Ba5 {And now ...cxd4 would win.} (9... h5 {with more complications.} 10. Qf4 Ba5 11. b4 Nxc3 12. Nxc3 cxb4 13. axb4 Bxb4 14. Bd2 Bxc3 15. Bxc3 a5) 10. dxc5 Nxc3 $146 ({Predecessor:} 10... Bxc3+ 11. Nxc3 Nxc3 {1-0 (58) Fressinet,L (2667)-Meier,V (2305) Biel 2009}) 11. Nxc3 Bxc3+ 12. bxc3 Nc6 {[%cal Bb8c6,Bc6a5,Ba5b3][%mdl 32]} 13. Qg3 Qa5 14. Bd2 Qxc5 15. Bd3 Bd7 16. O-O Kg8 17. Kh1 Na5 18. Be3 Qc7 19. Bd4 a6 20. f4 Bb5 21. f5 {aiming for fxe6.} Bxd3 22. cxd3 Nb3 23. fxe6 fxe6 24. Ra2 (24. Qg6 $11 {remains equal.} Nxa1 25. Qxe6+ {[%mdl 64] Double Attack} Kh7 26. Qf5+ (26. Rxa1 Qc6 $11) 26... g6 27. Qe6) 24... Nxd4 $17 25. cxd4 {Black must now prevent Qg6.} Kh7 26. Raf2 {Rf7! is the strong threat.} Rhf8 $1 27. h4 Rxf2 28. Rxf2 {[%mdl 4096] Endgame KQR-KQR} Qc1+ (28... Qe7 $17) 29. Kh2 $11 Qxa3 {[#] Strongly threatening ...Qe7.} 30. Rf7 $1 {[%csl Gf7,LRb7,LRg7][%cal Rg3g7][%mdl 576] Double Attack} Rg8 31. Rxb7 a5 32. h5 Qc3 33. Ra7 Qxd4 34. Rxa5 $2 (34. Re7 $11) 34... Kh8 $2 (34... g5 $1 $19 {[%cal Rg5g4]} 35. hxg6+ Rxg6) 35. Ra6 Re8 36. Rc6 Qa7 37. Qg6 Qe7 38. Kh3 $36 {[%mdl 2048] Threatens to win with Rc7! White has good play.} Qf8 $2 (38... Rf8 $11) 39. Rxe6 $2 ({White has to play} 39. Kg3 $1 $18) 39... Rb8 (39... Ra8 $11) 40. Kg3 (40. d4 $142) 40... Qd8 (40... Qf1 $16) 41. Qg4 $18 Rb3 42. Qg6 Rb8 $1 43. Qf5 (43. Ra6 $1 $18) 43... Qa5 $16 {[#]} 44. Qg4 (44. Re7 $1 $16) 44... Qc3 $1 $11 45. Qe2 Qc1 46. Rg6 {Black should prevent e6.} Rf8 {[#]} (46... Rb2 $11 {keeps the balance.} 47. Qf3 Qe1+ {[%mdl 64] Double Attack} 48. Kh3 Qh1+ 49. Kg3 (49. Kg4 $2 Rxg2+ 50. Kf4 Qc1+ 51. Kf5 Qc8+ 52. Kf4 Qf8+ 53. Rf6 Qb4+ 54. Kf5 Rg5+ 55. Ke6 Qb6+ 56. Kf7 Qc7+ 57. Kf8 Qxe5 $19) 49... Qe1+ {[%mdl 64] Double Attack} 50. Kh3 Qh1+ 51. Kg3 (51. Kg4 $2 Rxg2+ 52. Kf4 Qc1+ 53. Kf5 Qc8+ 54. Kf4 Qf8+ 55. Ke3 Qc5+ 56. Kf4 Rf2 $19) 51... Qe1+ {[%mdl 64] Double Attack}) 47. Rg4 (47. e6 $1 $16 {White wants to mate with Qe5!} Qf4+ 48. Kh3) 47... Rf1 {The position is equal.} 48. d4 Re1 49. Qf2 $1 {[%cal Rf2f8] Threatening mate with Qf8+.} Rf1 {Accuracy: White = 48%, Black = 58%.} 1/2-1/2

[Event "Charlotte Open 2020"]
[Site "Charlotte"]
[Date "2020.01.06"]
[Round "9.17"]
[White "Park, Evan"]
[Black "Copeland, Samuel"]
[Result "1/2-1/2"]
[WhiteElo "2175"]
[BlackElo "2128"]
[Annotator "TA"]
[PlyCount "117"]
[EventDate "2020.01.02"]
[EventType "swiss"]
[EventCountry "USA"]
[SourceTitle "playchess.com"]
[Source "ChessBase"]
[SourceQuality "1"]

{[%evp 15,117,18,27,0,26,28,44,37,55,67,86,79,222,216,225,225,224,181,180,214,208,211,194,191,216,239,250,252,251,301,334,331,305,226,237,226,223,236,226,155,231,229,239,235,218,0,180,0,216,130,135,100,126,141,109,93,2431,1861,1378,1206,1672,1605,12832,12830,12830,12688,1667,1494,12834,12834,12834,12833,12833,1798,1349,0,990,0,0,0,0,0,0,0,36,0,0,0,0,0,0,0,0,0,0,0,0,0,0,0,0,0,0,0]} 1. e4 Nf6 2. e5 Nd5 3. d4 d6 4. c4 Nb6 5. exd6 exd6 6. Nc3 Be7 7. h3 O-O 8. Nf3 Re8 9. Bd3 {B03: Alekhine's Defence: Four Pawns Attack} (9. Be2 Bf6 10. O-O Nc6 11. Be3 Bf5 12. b3 a5 13. Rc1 a4 14. c5 dxc5 15. dxc5 Qxd1 16. Rfxd1 axb3 17. axb3 Bxc3 18. Rxc3 Nc8 {0-1 (86) Inarkiev,E (2694)-Yuffa,D (2527) Sochi 2017}) 9... Bf6+ 10. Be3 Be6 $146 ({Predecessor:} 10... Nc6 11. O-O d5 12. c5 Nc4 13. Bxc4 dxc4 14. Qa4 Be6 15. Rfd1 {0-1 (43) Kovalev,A (2515)-Sivuk,V (2350) Alushta 2009}) 11. d5 {White is slightly better.} Bxc3+ 12. bxc3 Bc8 13. O-O Na6 {[#]} (13... N8d7 $16 {is a better defense.}) 14. Ng5 $1 $18 g6 {Hoping for ...Rxe3!} (14... Rxe3 $2 15. Bxh7+ Kf8 16. Nxf7 $18 (16. fxe3 $2 Qxg5 17. Qf3 f6 $19)) 15. Qf3 f5 16. Qf4 $40 {[%mdl 128] White attacks with force.} Nc5 17. Bxc5 dxc5 18. Rae1 {Black must now prevent Qh4.} Re7 {[#]} 19. h4 $1 Na4 20. Re3 Rxe3 21. Qxe3 Nxc3 22. Re1 (22. Qxc5 $6 Na4 $16) 22... Ne4 23. Bxe4 (23. Nxe4 fxe4 24. Bxe4 Qd6 $16) 23... fxe4 24. Qxe4 {aiming for Qf4.} ({Resist} 24. Qxc5 $6 Bf5 $18) 24... Bf5 25. Qe7 Qxe7 26. Rxe7 {[%mdl 4096] Endgame KRB-KRN} Bd3 27. Rxc7 {d6 is the strong threat.} Bxc4 (27... h6 $16) 28. Nxh7 Rd8 29. Nf6+ ({Don't play} 29. Rxb7 $6 Rd6) (29. Rxc5 $6 Bxa2 30. Rc7 Bxd5 $16) 29... Kf8 30. Nh7+ ({Don't do} 30. Rxc5 $6 Bxa2 31. Rc7 Rd6 $16) 30... Kg8 31. Nf6+ Kf8 32. Rxc5 Bxa2 33. g4 b6 34. Rc7 Bxd5 35. Rxa7 b5 $2 {[%mdl 8192]} (35... Bc6 $16) 36. Nxd5 Rxd5 {KR-KR} 37. Rb7 Rd4 38. f3 b4 39. Kg2 Rc4 40. Kg3 Kg8 41. g5 Rd4 42. f4 Rc4 43. Kg4 Rd4 44. Rb6 (44. Kf3 $142 Rd3+ 45. Ke4) 44... Kg7 45. Rb7+ Kg8 $1 {Now ...Rc4 and Black clings on.} 46. h5 $2 (46. Kf3 $18 {Threatens to win with h5.} Rd3+ 47. Kg4 Rd4) 46... gxh5+ $11 47. Kf5 h4 48. Rb8+ Kg7 49. Rb7+ Kg8 $1 50. g6 h3 {The position is equal.} 51. Ke5 h2 52. Rh7 Rd2 53. f5 Re2+ 54. Kf6 Rf2 55. Rg7+ Kf8 (55... Kh8 $5 56. Rh7+ $8 Kg8 $11) 56. Rh7 {[%cal Rh7h8]} Kg8 57. Rg7+ Kf8 {( -> ...Rxf5+!)} (57... Kh8 $5 58. Rh7+ $8 Kg8 $11) 58. Rf7+ Kg8 59. Rg7+ {Accuracy: White = 75%, Black = 47%.} 1/2-1/2